00688nam a22001817a 450000500170000001000150001702000290003203500140006103700130007508200140008810000150010224501230011725000190024026000420025927000400030130000330034150001320037420180706124219.0 aENG-123394 c850.00 a9789352533831 aEN-106926 bDBAD/PUB a620.00151 aDass, S.K.00aAdvanced engineering mathematics :cby S.K. Dassb(for the students of M.E., B.E. and other engineering examinations / a22nd Revi.edn. aNew DelhibS. Chand and Companyc2018 a7361, Ram Nagar,bNew Delhie110055 axxv, 1410p.c26cm(pbk)bill. aIt includes paper June 2016 (I & II), Paper December 2016 (I & II), Paper June 2017 (I & II), Paper Dec. 2017 (I&II) and index.